The Great War and German memory (Registro nro. 309510)

Detalles MARC
000 -ENCABEZADO
Número de control [NR] 02719cam a2200337 a 4500
005 - FECHA Y HORA DE LA ÚLTIMA TRANSACCIÓN
control field 20180411120448.0
008 - DE LONGITUD FIJA DE DATOS DE ELEMENTOS - INFORMACIÓN GENERAL
Elementos de longitud fija [NR] 180411s2009 enk rb 001 0 eng d
020 ## - NUMERO INTERNACIONAL NORMALIZADO PARA LIBROS [R]
Número Internacional Normalizado del libro [NR] 9780859898423
035 ## - NUMERO DE CONTROL DEL SISTEMA [R]
Número de control del sistema [NR] (OCoLC)302317566
040 ## - FUENTE DE CATALOGACION [NR]
Agencia de catalogación original [NR] CO-BoUCM
Idioma de catalogación [NR] spa
Quien Cataloga Sandra Palacio
Quien Clasifica Sandra Palacio
041 0# - CODIGO DE IDIOMA [R]
Código de idioma para texto/pista de sonido o título separado [R] Inglés
060 10 - SIGNATURA TOPOGRAFICA DE LA BIBLIOTECA NACIONAL DE MEDICINA (NLM) [R]
Número clasificador [R] WM 184
080 ## - NUMERO DE CLASIFICACION DECIMAL UNIVERSAL (CDU) [R]
Número de la Clasificación Decimal Universal [NR] 159.6
100 1# - ASIENTO PRINCIPAL--NOMBRE PERSONAL [NR]
Nombre personal [NR] Crouthamel, Jason
ID Autoridad 92048
245 14 - MENCION DE TITULO [NR]
Título [NR] The Great War and German memory
Parte restante del título [NR] society, politics, and psychological trauma, 1914-1945
Mención de responsabilidad, etc. [NR] Jason Crouthamel
246 3# - FORMA VARIANTE DEL TITULO [R]
Título propiamente dicho/forma breve del título [NR] Society, politics and psychological trauma, 1914-1945
260 ## - PUBLICACION, DISTRIBUCION, ETC. (PIE DE IMPRENTA) [R]
Lugar de publicación, distribución, etc. [R] Exeter (Inglaterra)
Nombre del editor, distribuidor, etc. [R] University of Exeter Press
Fecha de publicación, distribución, etc. [R] 2009
300 ## - DESCRIPCION FISICA [R]
Extensión [R] x, 278 páginas
505 0# - NOTA DE CONTENIDO CON FORMATO PREESTABLECIDO [R]
Nota de contenido con formato preestablecido [NR] Healing the nation's nerves : imperial Germany at home -- The war neurotics return home : psychologically disabled veterans and postwar society, 1918-1920 -- Neurosis and the welfare state : the rise and fall of the national pension law of 1920 -- The class struggle psychosis : working-class politics and psychological trauma -- National socialism and its discontents : war neurosis and memory under Hitler -- Nazi Germany's hidden psychopaths : case studies of mentally disabled veterans in the Third Reich.
520 ## - NOTA DE RESUMEN, ETC. [R]
Nota de sumario, etc. [NR] "Under Weimar Germany and the Third Reich, the mentally disabled survivor of the trenches became a focus of debate between competing social and political groups, each attempting to construct their own versions of the national community and the memory of the war experience. Views on class, war, masculinity and social deviance were shaped and in some cases altered by the popularized debates involving these traumatizes members of society. Through the tortured words of these men and women, Jason Crouthamel reveals a current of protest against prevailing institutions and official memory -- and especially the Nazi celebration of war as the cornerstone of the 'healthy' male psyche -- that has remained hidden until now. He shows how these 'social outsiders' attempted to reform healthcare and reconstruct notions of 'comradeship' and 'manliness' in this highly militarized society"--Jacket.
611 #0 - ASIENTO SECUNDARIO DE MATERIA - NOMBRE DE LA REUNION [R]
Nombre de la reunión o nombre de la jurisdicción como elemento de entrada [NR] Guerra Mundial I, 1914-1918
9 (RLIN) 83980
650 17 - ASIENTO SECUNDARIO DE MATERIA - TERMINO TEMATICO [R]
Término temático o nombre geográfico como elemento de entrada [NR] Veteranos
Subdivisión geográfica [R] Alemania
Subdivisión general [R] Psicología
9 (RLIN) 92049
650 27 - ASIENTO SECUNDARIO DE MATERIA - TERMINO TEMATICO [R]
Término temático o nombre geográfico como elemento de entrada [NR] Veteranos
Subdivisión general [R] Salud mental
Subdivisión geográfica [R] Alemania
Subdivisión general [R] Historia
Subdivisión cronológica [R] Siglo XX
9 (RLIN) 91930
650 27 - ASIENTO SECUNDARIO DE MATERIA - TERMINO TEMATICO [R]
Término temático o nombre geográfico como elemento de entrada [NR] World War, 1914-1918
Subdivisión geográfica [R] Alemania
Subdivisión general [R] Aspectos psicológicos
9 (RLIN) 92050
650 27 - ASIENTO SECUNDARIO DE MATERIA - TERMINO TEMATICO [R]
Término temático o nombre geográfico como elemento de entrada [NR] Guerra Mundial I, 1914-1918
Subdivisión general [R] Aspectos sociales
Subdivisión geográfica [R] Alemania
9 (RLIN) 16626
650 27 - ASIENTO SECUNDARIO DE MATERIA - TERMINO TEMATICO [R]
Término temático o nombre geográfico como elemento de entrada [NR] Neurosis de guerra
Subdivisión geográfica [R] Alemania
Subdivisión general [R] Historia
Subdivisión cronológica [R] Siglo XX
9 (RLIN) 91927
650 27 - ASIENTO SECUNDARIO DE MATERIA - TERMINO TEMATICO [R]
Término temático o nombre geográfico como elemento de entrada [NR] Memoria colectiva
Subdivisión geográfica [R] Alemania
9 (RLIN) 19279
651 #0 - ASIENTO SECUNDARIO DE MATERIA - NOMBRE GEOGRAFICO [R]
Nombre geográfico [NR] Alemania
Subdivisión general [R] Condiciones sociales
Subdivisión cronológica [R] Siglo XX
9 (RLIN) 92051
942 ## - ELEMENTOS DE ENTRADA AGREGADOS (KOHA)
Sistema de clasificación DEWEY
Tipo de ítem principal el descrito en 300a Libro
Tema principal Ciencia política
Edición 1
Clasificación 943
Parte restante de la signatura top. C952gw
Existencias
Fecha de último préstamo Total préstamos Total Renewals Signatura topográfica Código de barras Última vez visto Ejemplar Costo de reposición Price effective from Tipo de ítem Perdido Sistema de clasificación Dañado No prestable Tipo de ítem específico Suprimido Ubicación habitual Ubicación actual Localización Fecha de creación Proveedor Forma de adquisición Costo
20/03/2025 2 1 943 C952gw 100157025 09/12/2025 Ej.1 285613.00 09/04/2018 Libro   DEWEY     Libro   Claustro Claustro 2do piso 09/04/2018 15 Compra 285613.00